Politológia

Salvato in:
Dettagli Bibliografici
Natura: Libro
Lingua:slovacco
Pubblicazione: Nitra ENIGMA 2003
Soggetti:
Tags: Aggiungi Tag
Nessun Tag, puoi essere il primo ad aggiungerne!!

MARC

LEADER 00000nam$a2200000$$$4500
001 0000855
005 20240314091313.0
020 |a 80-89132-03-0 
041 0 |a slo 
044 |a SK 
245 1 0 |a Politológia  |c kolektív autorov 
264 1 |a Nitra  |b ENIGMA  |c 2003 
300 |a 269 s. 
610 2 0 |a politológia 
610 2 0 |a politika 
610 2 0 |a spoločnosť 
610 2 0 |a politika hospodárska 
610 2 0 |a politika sociálna 
610 2 0 |a politika spotrebiteľská 
610 2 0 |a spoločnosť občianska 
610 2 0 |a práva ľudské 
610 2 0 |a systémy politické 
610 2 0 |a štát 
610 2 0 |a správa verejná 
610 2 0 |a združenia občianske 
610 2 0 |a menšiny národnostné 
610 2 0 |a voľby 
610 2 0 |a politika medzinárodná 
610 2 0 |a politika zahraničná